[Event "Open NK"]
[Site "Dieren NED"]
[Date "2011.07.19"]
[Round "1"]
[White "Mostertman,M"]
[Black "Turov,M"]
[Result "0-1"]
[WhiteElo "2232"]
[BlackElo "2630"]
[EventDate "2011.07.19"]

1. e4 e5 2. Nf3 Nc6 3. Bc4 Bc5 4. c3 Nf6 5. d3 d6 6. O-O O-O 7. Bb3 a6 8.
h3 Ba7 9. Re1 h6 10. Nbd2 Nh5 11. Nf1 Qf6 12. Be3 Nf4 13. Ng3 g5 14. Nh2
Qg6 15. Ng4 h5 16. Bxf4 hxg4 17. Be3 gxh3 18. gxh3 Bxh3 19. Kh2 Bd7 20. Qh5
Kg7 21. Qxg5 Qxg5 22. Bxg5 f5 23. exf5 Bxf5 24. Nxf5+ Rxf5 25. Be3 Bxe3 26.
fxe3 Rh8+ 27. Kg2 Rg5+ 28. Kf3 Rh3+ 29. Ke4 Rh4+ 30. Kf3 e4+ 31. dxe4 Ne5+
32. Kf2 Rh2+ 0-1

[Event "Open NK"]
[Site "Dieren NED"]
[Date "2011.07.19"]
[Round "1"]
[White "L'Ami,E"]
[Black "Vogel,Ja"]
[Result "1-0"]
[WhiteElo "2611"]
[BlackElo "2221"]
[EventDate "2011.07.19"]

1. d4 e6 2. c4 f5 3. g3 Nf6 4. Bg2 d5 5. Nd2 c6 6. Nh3 Bd6 7. O-O O-O 8.
Qc2 Nbd7 9. Nf3 Ne4 10. Nf4 Qe7 11. c5 Bc7 12. Nd3 g5 13. b3 g4 14. Nfe5
Nxe5 15. dxe5 Bd7 16. Bh6 Rf7 17. f3 Ng5 18. Qd2 Nh3+ 19. Kh1 Be8 20. b4 a5
21. a3 b6 22. Qe3 b5 23. Bxh3 gxh3 24. Nf4 1-0

[Event "Open NK"]
[Site "Dieren NED"]
[Date "2011.07.19"]
[Round "1"]
[White "Fier,A"]
[Black "Beukema,S"]
[Result "1-0"]
[WhiteElo "2566"]
[BlackElo "2209"]
[EventDate "2011.07.19"]

1. e4 e5 2. Nf3 Nc6 3. Bb5 a6 4. Ba4 Nf6 5. O-O Be7 6. Re1 b5 7. Bb3 O-O 8.
d4 Nxd4 9. Nxd4 exd4 10. e5 Ne8 11. c3 dxc3 12. Nxc3 c6 13. Qf3 d5 14. exd6
Bxd6 15. Ne4 Qc7 16. Nxd6 Nxd6 17. Bf4 Be6 18. Qg3 Rad8 19. Red1 Bxb3 20.
axb3 Rd7 21. Rxd6 Rfd8 22. Rxd7 Qxd7 23. h3 f6 24. Rxa6 g5 25. Be3 Qf5 26.
Rxc6 h5 27. Qf3 Qe5 28. Rxf6 1-0

[Event "Open NK"]
[Site "Dieren NED"]
[Date "2011.07.19"]
[Round "1"]
[White "Partenheimer,A"]
[Black "Vovk,Y"]
[Result "1/2-1/2"]
[WhiteElo "2206"]
[BlackElo "2564"]
[EventDate "2011.07.19"]

1. Nf3 Nf6 2. c4 g6 3. g3 Bg7 4. Bg2 O-O 5. O-O d6 6. d4 Nc6 7. Nc3 Bf5 8.
Ne1 Na5 9. e4 Bg4 10. f3 Bd7 11. b3 c5 12. Nc2 Nc6 13. Be3 Qa5 14. Qd2 e5
15. dxc5 dxc5 16. Nd5 Nxd5 17. Qxa5 Nxa5 18. cxd5 b6 19. Na3 Nb7 20. Nc4 b5
21. Nd2 Rfc8 22. Rfc1 Bf8 23. Bf1 f5 24. Be2 Bd6 25. Kg2 f4 26. Bf2 h5 27.
h3 Kf7 28. g4 Rh8 29. a4 a6 30. Ra2 Rhc8 31. axb5 axb5 32. Rca1 Rxa2 33.
Rxa2 Ke8 34. Ra7 Rb8 35. Nb1 c4 36. bxc4 bxc4 37. Bxc4 Bc5 38. Ra2 Bxf2 39.
Kxf2 Nc5 40. Nd2 Ke7 41. Be2 Kf6 42. Rc2 Rc8 43. Rb2 Na4 44. Rb7 Rc2 45.
Rxd7 Rxd2 46. Ke1 Rb2 47. gxh5 gxh5 48. h4 Rb1+ 49. Kd2 Rb2+ 50. Ke1 Rb1+
51. Kd2 Rb2+ 1/2-1/2

[Event "Open NK"]
[Site "Dieren NED"]
[Date "2011.07.19"]
[Round "1"]
[White "Georgiev,Vl"]
[Black "Brown,An"]
[Result "1/2-1/2"]
[WhiteElo "2559"]
[BlackElo "2202"]
[EventDate "2011.07.19"]

1. d4 Nf6 2. c4 g6 3. Nc3 Bg7 4. e4 d6 5. h3 O-O 6. Bg5 Na6 7. Bd3 Qe8 8.
Nge2 e5 9. d5 Nc5 10. Bc2 a5 11. Qd2 Bd7 12. f3 b5 13. cxb5 Bxb5 14. Be3
Ba6 15. a3 Qb8 16. Rb1 Nb3 17. Qd1 Bc4 18. O-O Nd7 19. Bd3 Bxd3 20. Qxd3
Nbc5 21. Qc2 a4 22. Nc1 Qa7 23. Kh1 Qa6 24. N1a2 Qc4 25. Nb4 f5 26. exf5
gxf5 27. Qf2 Nd3 28. Qe2 e4 29. f4 Nxb2 30. Qxb2 Qxc3 31. Qxc3 Bxc3 32. Nc6
Nf6 33. Rb5 Ra6 34. Ne7+ Kf7 35. Nxf5 Ra5 36. Rb7 Nxd5 37. Nxd6+ Kg8 38.
Nc4 Nxe3 39. Nxe3 Bd4 40. Re1 Rc5 41. f5 h5 42. Ra7 Rc3 43. Nd5 Bxa7 44.
Nxc3 Rxf5 45. Rxe4 h4 46. Kh2 Rf1 47. Ne2 Bf2 48. g4 Bc5 49. g5 Rf2+ 50.
Kh1 Rf1+ 51. Kh2 Rf2+ 52. Kh1 Rf1+ 1/2-1/2

[Event "Open NK"]
[Site "Dieren NED"]
[Date "2011.07.19"]
[Round "1"]
[White "Wroblowski,Oliver"]
[Black "Radulski,J"]
[Result "0-1"]
[WhiteElo "2191"]
[BlackElo "2556"]
[EventDate "2011.07.19"]

1. d4 d5 2. c4 e6 3. Nc3 f5 4. Nf3 Nf6 5. Bf4 c6 6. e3 Be7 7. Qc2 O-O 8.
Be2 Nbd7 9. Ne5 Nxe5 10. Bxe5 Bd7 11. Qb3 Qb6 12. Qxb6 axb6 13. Bc7 dxc4
14. Bxc4 b5 15. Bb3 Nd5 16. Be5 Nb6 17. O-O-O Nc4 18. Ne2 Rfc8 19. Nf4 c5
20. Kb1 g5 21. Nd3 Bc6 22. Bxc4 bxc4 23. Ne1 Be4+ 24. Ka1 Rxa2+ 0-1

[Event "Open NK"]
[Site "Dieren NED"]
[Date "2011.07.19"]
[Round "1"]
[White "Vovk,A"]
[Black "Timmermans,M"]
[Result "1-0"]
[WhiteElo "2551"]
[BlackElo "2183"]
[EventDate "2011.07.19"]

1. e4 e5 2. Nf3 Nc6 3. Bb5 f5 4. d3 fxe4 5. dxe4 Nf6 6. O-O d6 7. Nc3 Be7
8. Qd3 O-O 9. Qc4+ Kh8 10. Bxc6 bxc6 11. Qxc6 Rb8 12. Qc4 Rb6 13. Rd1 Ba6
14. Qa4 Qc8 15. h3 Bb7 16. Rb1 c5 17. Bg5 Qb8 18. Bxf6 Bxf6 19. b3 Rd8 20.
Qc4 Rb4 21. Qe2 Bc8 22. Nd5 Rb7 23. Rd3 a5 24. Rbd1 a4 25. Qd2 axb3 26.
axb3 Rbd7 27. Qe3 Rf8 28. Nd2 Ba6 29. c4 Bb7 30. Nf3 Bxd5 31. Rxd5 Rdd8 32.
Ra1 Qb6 33. Rd2 Ra8 34. Rda2 Rxa2 35. Rxa2 h6 36. h4 Rb8 37. Ra3 Qb4 38.
Qc1 Bd8 39. g3 Bc7 40. Nd2 Ba5 41. Nf1 Qc3 42. Qd1 Rb6 43. Ne3 Qd2 44. Qa1
Qe1+ 45. Qxe1 Bxe1 46. Nd5 Rb8 47. Kf1 Bd2 48. Ra6 Rxb3 49. Rxd6 Bc1 50. h5
Kg8 51. Rc6 Rb1 52. Kg2 Bb2 53. Rb6 1-0

[Event "Open NK"]
[Site "Dieren NED"]
[Date "2011.07.19"]
[Round "1"]
[White "Hoogland,D"]
[Black "Nijboer,F"]
[Result "0-1"]
[WhiteElo "2181"]
[BlackElo "2546"]
[EventDate "2011.07.19"]

1. e4 d6 2. d4 Nf6 3. Nc3 g6 4. Nf3 Bg7 5. Be3 O-O 6. h3 a6 7. Qd2 b5 8. a3
Bb7 9. Bd3 Nbd7 10. O-O-O e5 11. dxe5 dxe5 12. Bh6 c5 13. Bxg7 Kxg7 14. h4
h5 15. Ng5 Qc7 16. Be2 b4 17. axb4 cxb4 18. Nd5 Bxd5 19. exd5 b3 20. Qc3
Qxc3 21. bxc3 bxc2 22. Kxc2 Rfc8 23. Bf3 Rc5 24. Rhe1 Rac8 25. Re3 Nb6 26.
d6 Nbd5 27. Rxe5 Nb4+ 28. Kb3 Rxe5 29. cxb4 a5 30. bxa5 Rxa5 31. Kb4 Ra2
32. d7 Rd8 33. Bc6 Ra7 34. Re1 Rb8+ 35. Bb5 Rxd7 0-1

[Event "Open NK"]
[Site "Dieren NED"]
[Date "2011.07.19"]
[Round "1"]
[White "Brandenburg,D"]
[Black "Lommers,F"]
[Result "1-0"]
[WhiteElo "2538"]
[BlackElo "2176"]
[EventDate "2011.07.19"]

1. e4 e5 2. Nf3 Nc6 3. Bc4 Nf6 4. Ng5 d5 5. exd5 Na5 6. Bb5+ c6 7. dxc6
bxc6 8. Bd3 Nd5 9. Nf3 Bd6 10. O-O O-O 11. Re1 Re8 12. Nc3 f5 13. Nxd5 cxd5
14. Bb5 Bd7 15. Bxd7 Qxd7 16. d3 Nc6 17. c4 Kh8 18. cxd5 Nb4 19. a3 Nxd5
20. Bd2 Qb5 21. Ng5 Re7 22. Qf3 Rf8 23. Ne4 Bc5 24. Rac1 Bd4 25. b4 Qb8 26.
Ng5 e4 27. Qh3 h6 28. dxe4 Nf4 29. Qh4 Ng6 30. Qh5 Nf4 31. Qh4 Ng6 32. Qh5
Nf4 33. Bxf4 Qxf4 34. Nf3 fxe4 35. Nxd4 Qxf2+ 36. Kh1 Qxd4 37. Qc5 Qf6 38.
Kg1 Rfe8 39. Re2 Qf4 40. Rf1 Qg4 41. Re3 a6 42. Qf5 Qxf5 43. Rxf5 Kh7 44.
Rd5 Rc8 45. h4 Rc6 46. Rd4 Rce6 47. Kf2 Kg6 48. Rd5 Kf6 49. Rc3 e3+ 50. Ke2
Re4 51. Rd6+ Kf7 52. Rxa6 Rg4 53. Rxe3 Rxg2+ 54. Kf3 Rg3+ 55. Kxg3 Rxe3+
56. Kf4 Rh3 57. Kg4 Rd3 58. b5 Rb3 59. a4 g6 60. Kf4 Rb4+ 61. Ke5 Rxh4 62.
Ra7+ Ke8 63. b6 Kd8 64. Ra8+ Kd7 65. b7 1-0

[Event "Open NK"]
[Site "Dieren NED"]
[Date "2011.07.19"]
[Round "1"]
[White "Hachijan,A"]
[Black "Petrov,Marij"]
[Result "1/2-1/2"]
[WhiteElo "2165"]
[BlackElo "2534"]
[EventDate "2011.07.19"]

1. e4 c5 2. Nf3 Nc6 3. d4 cxd4 4. Nxd4 Qb6 5. Nb3 Nf6 6. Nc3 e6 7. Qe2 Bb4
8. Bd2 O-O 9. O-O-O d5 10. e5 Bxc3 11. Bxc3 Ne4 12. Bd4 Nxd4 13. Nxd4 Bd7
14. Qe3 f6 15. f3 fxe5 16. fxe4 exd4 17. Qxd4 Rf4 18. Qxb6 axb6 19. exd5
Rxa2 20. dxe6 Bxe6 21. Bd3 Rf2 22. Kb1 Ra4 23. Rhf1 Raf4 24. Rxf2 Rxf2 25.
Be4 h5 26. Kc1 Bf5 27. Bd5+ Kh7 28. Rd2 Rf1+ 29. Rd1 Rf2 30. Rd2 1/2-1/2

[Event "Open NK"]
[Site "Dieren NED"]
[Date "2011.07.19"]
[Round "1"]
[White "Lenderman,A"]
[Black "Jonker,F"]
[Result "1-0"]
[WhiteElo "2525"]
[BlackElo "2154"]
[EventDate "2011.07.19"]

1. d4 d5 2. c4 c6 3. Nf3 Nf6 4. e3 e6 5. b3 Nbd7 6. Bb2 Be7 7. Bd3 b6 8.
O-O Bb7 9. Qe2 O-O 10. Rd1 Ne4 11. Nfd2 f5 12. f3 Nxd2 13. Nxd2 Qc7 14. e4
Bd6 15. e5 Be7 16. cxd5 exd5 17. f4 Rae8 18. g4 Bc8 19. gxf5 Nb8 20. Qh5
Bb4 21. a3 Bxd2 22. Rxd2 Qf7 23. Qxf7+ Rxf7 24. e6 Rf6 25. Rg2 Ba6 26. Be2
Bb7 27. Bc3 Na6 28. Be1 Rh6 29. Rg4 Nc7 30. Bh4 Kf8 31. Kf2 Nb5 32. Rag1 g6
33. fxg6 hxg6 34. f5 c5 35. e7+ Kf7 36. fxg6+ Kg7 37. Rf4 Nxd4 38. Bf6+ Kg8
39. Bxd4 cxd4 40. g7 Rxh2+ 41. Kf3 Rh3+ 42. Kg2 Rc3 43. Rf8+ Kxg7 44. Kh2+
Kh6 45. Rf6+ 1-0

[Event "Open NK"]
[Site "Dieren NED"]
[Date "2011.07.19"]
[Round "1"]
[White "Von Meijenfeldt,Bart"]
[Black "Milov,L"]
[Result "0-1"]
[WhiteElo "2154"]
[BlackElo "2515"]
[EventDate "2011.07.19"]

1. e4 c5 2. Nc3 Nc6 3. f4 e6 4. Nf3 a6 5. g3 d5 6. d3 Nf6 7. Bg2 dxe4 8.
dxe4 Qxd1+ 9. Kxd1 b5 10. e5 Ng4 11. Ke2 Bb7 12. Ne4 Nb4 13. Ne1 Bd5 14. c3
Nc6 15. Nc2 f5 16. exf6 Nxf6 17. Nxf6+ gxf6 18. Bxd5 exd5 19. Be3 O-O-O 20.
Rad1 h5 21. Rd2 Rh7 22. Kf3 f5 23. Rhd1 Rhd7 24. Bf2 Na5 25. b3 Nc6 26. a3
Kc7 27. h3 a5 28. Be3 a4 29. b4 d4 30. cxd4 cxb4 31. Nxb4 Nxb4 32. axb4 Rd5
33. Rb1 Kb7 34. Rc2 Bg7 35. Rc5 Rxc5 36. bxc5 Kc6 37. Rd1 a3 38. Ke2 a2 39.
Ra1 Ra8 40. Kd3 Kd5 41. Kd2 Ra3 42. Ke2 Rxe3+ 0-1

[Event "Open NK"]
[Site "Dieren NED"]
[Date "2011.07.19"]
[Round "1"]
[White "Neverov,V"]
[Black "Merza,M"]
[Result "1-0"]
[WhiteElo "2500"]
[BlackElo "2145"]
[EventDate "2011.07.19"]

1. d4 d5 2. c4 c6 3. Nf3 Nf6 4. Nc3 dxc4 5. a4 Bf5 6. e3 e6 7. Bxc4 Bb4 8.
O-O O-O 9. Nh4 Nbd7 10. Qe2 Ne4 11. Nxf5 exf5 12. Nxe4 fxe4 13. Bd2 Bd6 14.
b4 Kh8 15. f4 Qe7 16. b5 Rfc8 17. bxc6 Rxc6 18. Bd5 Rc2 19. Rfc1 Rxc1+ 20.
Rxc1 Nb6 21. Bb3 Qd7 22. a5 Nc8 23. Qc4 Kg8 24. Qd5 Qe7 25. Qf5 Qf8 26.
Qxe4 Rb8 27. Qd5 a6 28. e4 1-0

[Event "Open NK"]
[Site "Dieren NED"]
[Date "2011.07.19"]
[Round "1"]
[White "Gruenhagen,M"]
[Black "Deepan,C"]
[Result "0-1"]
[WhiteElo "2133"]
[BlackElo "2470"]
[EventDate "2011.07.19"]

1. d4 Nf6 2. c4 g6 3. Nc3 Bg7 4. e4 O-O 5. Nge2 d6 6. f3 c5 7. Be3 cxd4 8.
Nxd4 Nc6 9. Nc2 e6 10. Qd2 Qe7 11. Be2 Rd8 12. O-O b6 13. Rfd1 Bb7 14. Rac1
Rac8 15. Bg5 Qf8 16. Ne3 Rd7 17. Qe1 Nh5 18. Nc2 h6 19. Be3 g5 20. c5 bxc5
21. Bxc5 Nf4 22. Bb5 a6 23. Ba4 Ne5 24. Be3 Rdc7 25. Bxf4 gxf4 26. Bb3 Nc4
27. Bxc4 Rxc4 28. Na3 R4c7 29. Qd2 d5 30. exd5 Bxc3 0-1

[Event "Open NK"]
[Site "Dieren NED"]
[Date "2011.07.19"]
[Round "1"]
[White "Bus,T"]
[Black "Van Meegen,R"]
[Result "1-0"]
[WhiteElo "2237"]
[BlackElo "1947"]
[EventDate "2011.07.19"]

1. c4 Nf6 2. g3 g6 3. Bg2 Bg7 4. Nc3 e5 5. e4 O-O 6. Nge2 Nc6 7. O-O d6 8.
d3 Ne8 9. Nd5 f5 10. exf5 gxf5 11. f4 Be6 12. Rb1 Nf6 13. Kh1 Rb8 14. Be3
Ne7 15. Nxf6+ Bxf6 16. b3 b6 17. fxe5 dxe5 18. d4 exd4 19. Bxd4 Ng6 20.
Bxf6 Qxf6 21. Qd4 c5 22. Qxf6 Rxf6 23. Rbd1 Kf7 24. Bd5 Re8 25. Nc3 Ne5 26.
Bxe6+ Kxe6 27. Nd5 Rf7 28. Nf4+ Kf6 29. Rd6+ Kg7 30. Nh5+ Kh8 31. Re1 Rff8
32. Nf6 Re7 33. Nd5 Ree8 34. Nf6 Re7 35. Kg2 Kg7 36. Nd5 Ree8 37. Nc7 Rc8
38. Ne6+ 1-0

[Event "Open NK"]
[Site "Dieren NED"]
[Date "2011.07.19"]
[Round "1"]
[White "Zwirs,Nico"]
[Black "Vos,T"]
[Result "1-0"]
[WhiteElo "2125"]
[BlackElo "1842"]
[EventDate "2011.07.19"]

1. e4 c6 2. d4 d5 3. exd5 cxd5 4. c4 Nf6 5. Nc3 Nc6 6. Bg5 dxc4 7. Bxc4
Nxd4 8. Nf3 Nxf3+ 9. Qxf3 a6 10. O-O Qc7 11. Bb3 Bg4 12. Ba4+ Bd7 13. Bxd7+
Qxd7 14. Bxf6 gxf6 15. Nd5 Qd6 16. Rac1 Bh6 17. Nc7+ Kf8 18. Nxa8 Bxc1 19.
Rxc1 Qb8 20. Nb6 1-0

[Event "Open NK"]
[Site "Dieren NED"]
[Date "2011.07.19"]
[Round "1"]
[White "Arnaudov,G"]
[Black "Viergever,M"]
[Result "1-0"]
[WhiteElo "2439"]
[BlackElo "2123"]
[EventDate "2011.07.19"]

1. Nf3 d6 2. d4 Bg4 3. c4 Nd7 4. Nc3 g6 5. Ng5 Nb6 6. h3 Be6 7. e4 c6 8.
Qf3 Nh6 9. Nxe6 fxe6 10. h4 Bg7 11. h5 Nd7 12. hxg6 hxg6 13. d5 e5 14. g4
Qb6 15. g5 Nf7 16. Rxh8+ Nxh8 17. Qe2 O-O-O 18. dxc6 bxc6 19. Be3 Qb7 20.
O-O-O Kb8 21. c5 Nf8 22. Qc4 Qc8 23. Qg8 Ne6 24. Qh7 Nf7 25. Qxg6 Rf8 26.
Bh3 Nfd8 27. cxd6 exd6 28. Rxd6 Qc7 29. Rxe6 Nxe6 30. Qxe6 Rh8 31. Qd7 Qxd7
32. Bxd7 Kc7 33. Bf5 Rh1+ 34. Kc2 a6 35. Ne2 Bf8 36. Ng3 Rh2 37. Be6 Be7
38. g6 Bf6 39. Bc4 Rh4 40. Bg5 Rh2 41. Bxf6 1-0

[Event "Open NK"]
[Site "Dieren NED"]
[Date "2011.07.19"]
[Round "1"]
[White "Kollen,Z"]
[Black "Swinkels,M"]
[Result "1-0"]
[WhiteElo "2118"]
[BlackElo "2102"]
[EventDate "2011.07.19"]

1. e4 c5 2. Nf3 d6 3. d4 cxd4 4. Nxd4 Nf6 5. Nc3 Nc6 6. Bg5 e6 7. Qd2 Be7
8. O-O-O O-O 9. f3 a6 10. h4 Nxd4 11. Qxd4 b5 12. Bxf6 Bxf6 13. Qxd6 Qa5
14. e5 b4 15. exf6 bxc3 16. Qg3 g6 17. Bc4 Qb4 18. Bb3 a5 19. a3 Qb6 20.
Qg5 Kh8 21. h5 Rg8 22. Kb1 Ra7 23. hxg6 Rxg6 24. Rxh7+ Kxh7 25. Rh1+ Kg8
26. Qh5 Kf8 27. Qh8+ Rg8 28. Qh6+ Ke8 29. Qg7 Rxg7 30. fxg7 a4 31. g8=Q+
Ke7 32. Qxc8 axb3 33. Qxc3 bxc2+ 34. Qxc2 Rxa3 35. Rc1 Re3 36. Qc7+ Qxc7
37. Rxc7+ Kf6 38. Rc3 Re2 39. Rc2 Re1+ 40. Ka2 Ke5 41. b4 Kd4 42. Kb3 Rb1+
43. Rb2 Rd1 44. b5 Rd3+ 45. Kb4 Kd5 46. b6 Kc6 47. b7 Rd8 48. Kc4 Rb8 49.
Kd4 f6 50. g4 1-0

[Event "Open NK"]
[Site "Dieren NED"]
[Date "2011.07.19"]
[Round "1"]
[White "Hendriks,W"]
[Black "Vosselman,J"]
[Result "1/2-1/2"]
[WhiteElo "2415"]
[BlackElo "2112"]
[EventDate "2011.07.19"]

1. e4 e5 2. Bc4 Nc6 3. d3 d6 4. f4 Be6 5. Bxe6 fxe6 6. Nf3 exf4 7. Bxf4 Qf6
8. Qc1 h6 9. Nc3 g5 10. Bg3 g4 11. Nh4 h5 12. Qf4 Qxf4 13. Bxf4 Nge7 14.
Rf1 Bg7 15. Bg5 Rg8 16. Be3 Kd7 17. Kd2 Raf8 18. g3 Bf6 19. Bh6 Rf7 20. Ng2
Ne5 21. Be3 Nf3+ 22. Ke2 Nc6 1/2-1/2

[Event "Open NK"]
[Site "Dieren NED"]
[Date "2011.07.19"]
[Round "1"]
[White "Kampman,T"]
[Black "Turova,I"]
[Result "0-1"]
[WhiteElo "2111"]
[BlackElo "2413"]
[EventDate "2011.07.19"]

1. e4 e5 2. Nf3 Nc6 3. Bc4 Bc5 4. Nc3 Nf6 5. d3 d6 6. Bg5 h6 7. Bh4 g5 8.
Bg3 Na5 9. Bb3 Nxb3 10. axb3 Bg4 11. Na4 Nd7 12. Qd2 Bxf3 13. gxf3 Qf6 14.
Qe2 a6 15. Nc3 c6 16. Nd1 Nf8 17. Ne3 Ne6 18. c3 Bxe3 19. fxe3 c5 20. O-O
h5 21. Kh1 h4 22. Be1 Qg6 23. Qg2 O-O-O 24. Qg4 Kb8 25. Rg1 Qf6 26. c4 Qe7
27. Bd2 Qc7 28. Ba5 b6 29. Bd2 a5 30. Qf5 Rhg8 31. Rg2 Rg6 32. Rag1 Qe7 33.
f4 exf4 34. exf4 Rf6 35. Qh7 Nf8 36. Qh5 gxf4 37. Bc3 Rg6 38. Qf5 Nd7 39.
Qxf4 Ne5 40. d4 Rf6 41. Qe3 Rf3 42. Qd2 Rd3 43. Qf2 h3 44. Rg3 cxd4 45.
Bxd4 Rxg3 46. Rxg3 Nd7 47. Qf4 Re8 48. Re3 Nc5 49. Bxc5 bxc5 50. Rxh3 Qxe4+
51. Qxe4 Rxe4 52. Kg2 Re2+ 53. Kf3 Rxb2 54. Kf4 Kc7 55. Kg5 Kd7 56. Kf6
Rf2+ 57. Kg7 f5 58. Kf6 f4 59. Rh7+ Kc6 60. h4 f3 61. h5 Rg2 62. Rf7 f2 63.
Ke6 Rh2 64. Rf5 Rxh5 65. Rxf2 Re5+ 66. Kf6 Re3 67. Rb2 d5 68. cxd5+ Kxd5
69. Kf5 Kd4 70. Kf4 Re7 71. Rc2 Rf7+ 72. Kg3 Rb7 73. Rc4+ Kd5 74. Rc3 Rf7
75. Rc4 Kc6 76. Ra4 Kb5 77. Rc4 Rf1 78. Kg2 Rb1 79. Rc3 Kb4 80. Rc4+ Kxb3
81. Rxc5 a4 82. Kf3 a3 83. Rb5+ Ka2 84. Ra5 Rb3+ 85. Ke2 Kb2 0-1

[Event "Open NK"]
[Site "Dieren NED"]
[Date "2011.07.19"]
[Round "1"]
[White "Ly,Mo"]
[Black "Van Foreest,Jorden"]
[Result "1-0"]
[WhiteElo "2369"]
[BlackElo "2097"]
[EventDate "2011.07.19"]

1. e4 c6 2. d4 d5 3. e5 Bf5 4. Nf3 e6 5. Be2 Bg4 6. Nbd2 Ne7 7. O-O Nd7 8.
c4 Nc8 9. b3 Be7 10. Bb2 O-O 11. a3 a5 12. Re1 a4 13. b4 dxc4 14. Bxc4 Ncb6
15. Bd3 Nd5 16. Qc2 h6 17. h3 Bxf3 18. Nxf3 Kh8 19. Bc1 Re8 20. Qe2 Nf8 21.
Qe4 b6 22. Qg4 Qd7 23. Bd2 c5 24. dxc5 bxc5 25. b5 Red8 26. Bf1 Nb6 27.
Rec1 Rac8 28. Ba5 Qa7 29. Bxb6 Qxb6 30. Qxa4 Ng6 31. Qe4 Qa5 32. a4 Bf8 33.
Rd1 Ne7 34. Bd3 g6 35. Nd2 Rd4 36. Qe2 Nd5 37. Nb3 Qd8 38. Nxd4 Nc3 39. Qf3
Qxd4 40. Re1 c4 41. Bf1 Bc5 42. Rac1 Bb4 43. Re3 Na2 44. Rc2 c3 45. Rxa2 c2
46. Rxc2 Rxc2 47. Rd3 Qa7 48. Rd8+ Bf8 1-0

[Event "Open NK"]
[Site "Dieren NED"]
[Date "2011.07.19"]
[Round "1"]
[White "Van Mierlo,Guido"]
[Black "Kuipers,S"]
[Result "1/2-1/2"]
[WhiteElo "2097"]
[BlackElo "2365"]
[EventDate "2011.07.19"]

1. e4 e6 2. d4 d5 3. Nc3 Bb4 4. e5 c5 5. a3 Bxc3+ 6. bxc3 Qa5 7. Bd2 Qa4 8.
Nf3 b6 9. Be3 Nd7 10. Bd3 Ba6 11. Bxa6 Qxa6 12. Qd3 c4 13. Qe2 Ne7 14. O-O
b5 15. Nh4 O-O 16. f4 f5 17. Nf3 Nb6 18. Bd2 Na4 19. Qf2 Qc6 20. Rab1 Rab8
21. Qh4 Qd7 22. Qg3 a5 23. Ne1 Rfc8 24. h3 Nc6 25. Qe3 Qa7 26. Nf3 Ne7 27.
Ra1 Qd7 28. Rfb1 h6 29. Be1 Rb7 30. Kh2 Qe8 31. Qe2 Qh5 32. Ng1 Qf7 33. Nf3
Kh8 34. Bd2 Rg8 35. Rf1 Rgb8 36. Qf2 Qe8 37. Qe3 Qc6 38. Rfb1 Kg8 39. Be1
Kf7 40. Kh1 Ke8 41. Nh4 Kd7 42. Qg3 Rg8 43. Ng6 Qc8 44. Nxe7 Kxe7 45. Bd2
Qe8 46. Qh4+ Kd7 47. Rf1 Kc6 48. g4 g5 49. Qxh6 Rh8 50. Qf6 Rf7 51. Qg6 Rg8
52. Qh6 gxf4 53. Rxf4 fxg4 54. Raf1 Rxf4 55. Rxf4 Rh8 56. Qf6 gxh3 57. Qg7
Qh5 58. Qf6 Re8 59. Rf2 Qg4 60. Qf4 Qd1+ 61. Rf1 Qxc2 62. Qf7 Re7 63. Qf8
Nb6 64. Rf2 Rd7 65. Kh2 Qg6 66. Qf6 Qg4 67. Qf3 Qxf3 68. Rxf3 Rh7 69. Rf6
Kd7 70. Rf8 Nc8 71. Bg5 Rg7 72. Bh4 Rg2+ 73. Kxh3 Rc2 74. Rf7+ Ke8 75. Rc7
Rxc3+ 76. Kg4 Rd3 77. Rxc8+ Kd7 78. Rd8+ Kc7 79. Rf8 c3 80. Bd8+ Kd7 81.
Bxa5 Rxd4+ 82. Kg5 Rc4 83. Rf7+ Kc8 84. Rf1 d4 85. Kf4 Kd7 86. Ke4 c2 87.
Rc1 Kc6 88. Bb4 Kb6 89. Kd3 Kc6 90. Rxc2 Kd5 91. Bd6 Rxc2 92. Kxc2 Ke4 93.
Kd2 d3 94. Bc7 Kd4 95. Bd6 Ke4 96. Bc5 Kxe5 97. Kxd3 Kd5 1/2-1/2

[Event "Open NK"]
[Site "Dieren NED"]
[Date "2011.07.19"]
[Round "1"]
[White "Sowray,P"]
[Black "Bakker,Guido"]
[Result "1-0"]
[WhiteElo "2350"]
[BlackElo "2088"]
[EventDate "2011.07.19"]

1. e4 c5 2. Nf3 d6 3. d4 cxd4 4. Nxd4 Nf6 5. Nc3 g6 6. Be3 Bg7 7. f3 Nc6 8.
Qd2 O-O 9. O-O-O Nxd4 10. Bxd4 Be6 11. Kb1 Qc7 12. h4 Rfc8 13. h5 Nxh5 14.
Bxg7 Nxg7 15. Qh6 Nh5 16. Bd3 Nf6 17. g4 Qa5 18. Nd5 Rc5 19. g5 Rxd5 20.
gxf6 1-0

[Event "Open NK"]
[Site "Dieren NED"]
[Date "2011.07.19"]
[Round "1"]
[White "Vishnu,P"]
[Black "Vereggen,L"]
[Result "1-0"]
[WhiteElo "2340"]
[BlackElo "2036"]
[EventDate "2011.07.19"]

1. c4 Nf6 2. g3 g6 3. Bg2 Bg7 4. Nc3 d6 5. e4 e5 6. Nge2 O-O 7. O-O Nc6 8.
d3 Rb8 9. h3 a6 10. a4 a5 11. Be3 Nd7 12. f4 Nc5 13. Nd5 b6 14. f5 Nb4 15.
Nxb4 axb4 16. g4 Bf6 17. Kh1 Bg5 18. Bg1 Bb7 19. a5 Ra8 20. axb6 cxb6 21.
Rb1 Bc6 22. Rf3 Qe7 23. Qe1 Ba4 24. Ra1 Bc2 25. Rxa8 Rxa8 26. Qxb4 Bxd3 27.
Ng3 Ra1 28. Qxb6 Bf4 29. Qc6 Bxg3 30. f6 Qd8 31. Rxg3 Qxf6 32. Kh2 Qf4 33.
Be3 1-0

[Event "Open NK"]
[Site "Dieren NED"]
[Date "2011.07.19"]
[Round "1"]
[White "Beerdsen,Thomas"]
[Black "L'Ami,Alina"]
[Result "1-0"]
[WhiteElo "2009"]
[BlackElo "2312"]
[EventDate "2011.07.19"]

1. e4 c5 2. Nf3 d6 3. d4 cxd4 4. Nxd4 Nf6 5. Nc3 a6 6. Be3 e5 7. Nb3 Be6 8.
f3 Be7 9. Qd2 O-O 10. O-O-O a5 11. Qf2 Qc8 12. Bb5 Nc6 13. g4 Nb4 14. Kb1
d5 15. g5 d4 16. gxf6 dxe3 17. Qxe3 Bxf6 18. Rhg1 a4 19. Nc5 Ra5 20. Nxe6
Qxe6 21. Bd7 Qa6 22. a3 Nc6 23. Rd6 Rd8 24. Nd5 Rxd5 25. exd5 Qa7 26. Qxa7
Nxa7 27. Rxf6 Rxd7 28. Rb6 Nc8 29. Rb4 Rxd5 30. Rxb7 g6 31. Rb8 Rc5 32. Rg4
f5 33. Rxa4 Kf7 34. Rb7+ Kf6 35. Rxh7 e4 36. fxe4 f4 37. Rh3 Nd6 38. Rf3
Ke5 39. Rf1 Nc4 40. Kc1 Ne3 41. Rf2 Ng4 42. Rg2 f3 43. Rg3 Nxh2 44. Rg5+
Kf4 45. Rxg6 f2 46. Rf6+ Ke3 47. Rxf2 Kxf2 48. b4 Rc4 49. e5 Nf3 50. Kb2
Nxe5 51. Kb3 Rc8 52. Ra6 Ke3 53. Rd6 Nc4 54. Rd3+ Ke4 55. a4 Ne3 56. Rd2
Nf5 57. c3 Ke5 58. b5 Nd6 59. Rd1 Ne4 60. c4 Nd6 61. Re1+ Kd4 62. Rd1+ Ke5
63. Rc1 Ne4 64. Kb4 Kd6 65. a5 Kc7 66. c5 Rd8 67. a6 Nf6 68. Ka5 Rd2 69.
Ra1 Kb8 70. b6 Rc2 71. Kb5 Rb2+ 72. Kc6 Ng4 73. Re1 1-0

[Event "Open NK"]
[Site "Dieren NED"]
[Date "2011.07.19"]
[Round "1"]
[White "Van der Poel,H"]
[Black "Oudshoorn,Arres"]
[Result "1/2-1/2"]
[WhiteElo "2292"]
[BlackElo "2007"]
[EventDate "2011.07.19"]

1. e4 c5 2. Nf3 Nc6 3. d4 cxd4 4. Nxd4 g6 5. Nc3 Bg7 6. Be3 Nf6 7. Bc4 O-O
8. Bb3 Qa5 9. O-O Qh5 10. f3 d6 11. Qd2 h6 12. Rae1 g5 13. Nde2 Qg6 14. Kh1
Be6 15. Nd4 Nxd4 16. Bxd4 Rfc8 17. Bxe6 fxe6 18. e5 Nd7 19. exd6 e5 20. Be3
exd6 21. Ne4 Rc6 22. Rd1 Nf6 23. Nxf6+ Qxf6 24. Qd5+ Qf7 25. c3 Qxd5 26.
Rxd5 a6 27. Rfd1 Bf8 28. Kg1 Kf7 29. Kf2 Be7 30. a4 Ke6 31. Ke2 Rc4 32. a5
Rac8 33. Bb6 Ra4 34. R1d2 1/2-1/2

[Event "Open NK"]
[Site "Dieren NED"]
[Date "2011.07.19"]
[Round "1"]
[White "Goudriaan,E"]
[Black "Smagin,N"]
[Result "1-0"]
[WhiteElo "2283"]
[BlackElo "1977"]
[EventDate "2011.07.19"]

1. d4 f5 2. Bg5 h6 3. Bh4 g5 4. Bg3 Nf6 5. e3 d6 6. Nc3 Bg7 7. h4 g4 8. Bd3
O-O 9. Nge2 Nh5 10. Qd2 e5 11. O-O-O Nc6 12. Bh2 Kh8 13. f3 gxf3 14. gxf3
a6 15. dxe5 Nxe5 16. Bxe5 dxe5 17. e4 f4 18. Qe1 Qe7 19. Nd5 Qf7 20. Qc3
Be6 21. Bc4 c6 22. Nb6 Rad8 23. Bxe6 Qxe6 24. Qc4 Qe7 25. Rdg1 Bf6 26. Rg6
Qh7 27. Rg4 Qc7 28. Qb3 Rg8 29. a3 Rdf8 30. Na4 Ng3 31. Nxg3 fxg3 32. Qe3
Qh7 33. Kb1 h5 34. Rxg8+ Rxg8 35. Nc3 g2 36. Rg1 Bxh4 37. Qd2 Bg5 38. Qf2
Bf4 39. Rxg2 Rxg2 40. Qxg2 h4 41. Qh3 Qe7 42. Ne2 Bg5 43. Qg4 Kh7 44. Qh5+
Kg7 45. Ng1 Bf6 46. Nh3 Qf7 47. Qf5 Qg6 48. Qc8 Qf7 49. Nf2 Bg5 50. Nd3
Qxf3 51. Nxe5 Qxe4 52. Qd7+ Kf6 53. Ng4+ Kg6 54. Qd1 Bf4 55. Nf2 Qd5 56.
Qg4+ Qg5 57. Qe6+ Qf6 58. Qg8+ Qg7 59. Qc4 Bg3 60. Qe4+ Kf7 61. Nh3 Qe5 62.
Qh7+ Kf8 63. Qh6+ Qg7 64. Qd2 Qe5 65. Qb4+ Qe7 66. Qg4 Kf7 67. Ng5+ Kg6 68.
Ne4+ Kh6 69. b3 Kh7 70. Qf5+ Kg7 71. Ng5 Qf6 72. Qd7+ Kg6 73. Ne4 Qf5 74.
Qe8+ Qf7 75. Qd8 Kf5 76. Qd3 Ke5 77. Qe2 Kf5 78. Qf3+ Kg6 79. Qg4+ Kh6 80.
Qg5+ Kh7 81. Nf6+ 1-0